00238pab a2200097 454500008003600000100002500036245003700061650002100098650001100119773001000130180718b xxu||||| |||| 00| 0 eng d aEngineer, Asghar Ali aRole of Police in communal riots a Law Enforcement aPolice aHindu